Aleteo de colmilludos (notice nᵒ 11998)
[ vue normale ]
| 000 -Sello discográfico | |
|---|---|
| campo de control de longitud fija | 00991nam a2200313 4500 |
| 005 - Identificación de versión | |
| campo de control | 20250925141625.0 |
| 010 ## - Número Estándar Internacional de Libros (ISBN) | |
| Número (ISBN) | 968-29-4191-1 |
| 035 ## - Otros números de control del sistema | |
| Número de control del sistema | 3640 |
| 099 ## - fechas locales | |
| Tipo de ítem Koha | LIBRO |
| 100 ## - Datos de procesamiento general | |
| Datos de procesamiento general | 20041124d19991994m y1spay5003 ba |
| 105 ## - Campo de datos codificados: Material textual, monográfico | |
| Datos codificados de monografía | a 001zy |
| 200 1# - Título y mención de responsabilidad | |
| Título propio | Aleteo de colmilludos |
| Designación general del material | texto impreso |
| Primer mención de responsabilidad | Selección de textos Enrique Romo |
| 205 ## - Declaración de edición | |
| Declaración de edición | 1a reimpr de la 1a ed |
| 210 ## - Publicación, distribución, etc. | |
| Lugar de publicación, distribución, etc. | México |
| Nombre del editor, distribuidor, etc. | Secretaría de Educación Pública |
| Fecha de publicación, distribución, etc. | 1999 |
| 215 ## - Descripción física | |
| Designación de material específico y extensión del ítem | 127 p |
| Otras características físicas | il. |
| Dimensiones | 21 cm |
| 345 ## - Nota de información de adquisición | |
| Fuente de adquisición/dirección de la suscripción [OBSOLETO] | Donación de la SEP |
| 410 #1 - Series | |
| Título | Libros del Rincón |
| 606 ## - Término temático usado como materia | |
| Elemento de entrada | Animales |
| Subdivisión temática | Cuentos y leyendas |
| Número Koha | 18615 |
| 606 ## - Término temático usado como materia | |
| Elemento de entrada | Literatura folklórica mexicana |
| Número Koha | 18616 |
| 606 ## - Término temático usado como materia | |
| Elemento de entrada | Vampiros en la literatura |
| Número Koha | 18617 |
| 702 ## - Nombre personal - Responsabilidad secundaria | |
| Elemento de entrada | Romo |
| Parte del nombre distinta del elemento de entrada | Enrique |
| Número Koha | 18618 |
| 801 #0 - Fuente de origen | |
| Agencia | cm |
| 900 ## - | |
| -- | 1/8436 |
| 900 ## - | |
| -- | 7100420202\241104 |
| 942 ## - ELEMENTOS DE ENTRADA SECUNDARIOS (KOHA) | |
| Tipo de ítem Koha | Livre |
| 996 ## - | |
| -- | MEX |
| -- | 751145101 |
| -- | MMAG |
| -- | 006304 |
| -- | 863.42 R64A |
| -- | 20220401LIV |
| Estatus retirado | Estado de daño | Estado de pérdida | Fecha de adquisición | Biblioteca de origen | Biblioteca actual | Ubicación en estantería | Código de barras | Precio de reemplazo | Signatura topográfica completa | No para préstamo | Tipo de ítem Koha | Nota pública | Nota no pública |
|---|---|---|---|---|---|---|---|---|---|---|---|---|---|
| 05/08/2025 | Casa México Paris | Casa México Paris | 006304 | 05/08/2025 | 863.42 R64A | Livre | 20220401LIV | 751145101 |